|
|
|
|
| LEADER |
01896nam a2200457 4500 |
| 001 |
ocn880596375 |
| 003 |
OCoLC |
| 005 |
20180501122018.0 |
| 006 |
m o d |
| 007 |
cr |n||||||||| |
| 008 |
140107s2014 cauad ob 001 0 eng d |
| 040 |
|
|
|a VT2
|b eng
|e pn
|c VT2
|d OCLCO
|d DEBSZ
|d TEF
|d OCLCO
|d YDXCP
|d OCLCQ
|d OCLCF
|d OCLCQ
|d OCLCO
|d OCLCQ
|d VLB
|d DEBBG
|d U3W
|d GrThAP
|
| 020 |
|
|
|a 9780128000526
|
| 020 |
|
|
|a 012800052X
|
| 020 |
|
|
|a 9780128003589
|q (e-book)
|
| 020 |
|
|
|a 0128003588
|q (e-book)
|
| 035 |
|
|
|a (OCoLC)880596375
|
| 050 |
|
4 |
|a HM1033
|b .A38 2014eb
|
| 082 |
0 |
4 |
|a 302
|2 23
|
| 082 |
0 |
4 |
|a 393
|2 23
|
| 049 |
|
|
|a TEFA
|
| 245 |
0 |
0 |
|a Advances in experimental social psychology.
|n Volume forty nine /
|c edited by James M. Olson, Department of Psychology, University of Western Ontario, London, Ontario, Canada, Mark P. Zanna, Department of Psychology, University of Waterloo, Waterloo, Ontario, Canada.
|
| 250 |
|
|
|a First edition.
|
| 264 |
|
1 |
|a San Diego, CA :
|b Academic Press,
|c 2014.
|
| 264 |
|
4 |
|c Ã2014
|
| 300 |
|
|
|a 1 online resource (393 pages) :
|b illustrations.
|
| 336 |
|
|
|a text
|b txt
|2 rdacontent
|
| 337 |
|
|
|a computer
|b c
|2 rdamedia
|
| 338 |
|
|
|a online resource
|b cr
|2 rdacarrier
|
| 490 |
1 |
|
|a Advances in experimental social psychology ;
|v volume 49
|
| 504 |
|
|
|a Includes bibliographical references and index.
|
| 588 |
0 |
|
|a Online resource; title from PDF title page (ebrary, viewed January 7, 2014).
|
| 650 |
|
0 |
|a Social psychology.
|
| 650 |
|
0 |
|a Social psychology
|x Research.
|
| 650 |
|
7 |
|a Social psychology.
|2 fast
|0 (OCoLC)fst01122816
|
| 650 |
|
7 |
|a Social psychology
|x Research.
|2 fast
|0 (OCoLC)fst01122828
|
| 655 |
|
4 |
|a Electronic books.
|
| 700 |
1 |
|
|a Olson, James M.
|
| 700 |
1 |
|
|a Zanna, Mark P.
|
| 830 |
|
0 |
|a Advances in experimental social psychology ;
|v v. 49.
|
| 856 |
4 |
0 |
|u https://www.sciencedirect.com/science/bookseries/00652601/49
|z Full Text via HEAL-Link
|